000 00290nam a22001217a 4500
020 _a00217509044
040 _cDLC
082 _a428 ARN 1989 A006 Or.
245 _aMEMORIES
260 _aNEW YORK N.Y.
_bMACMILLAN PUBLISHING COMPANY A DIVISION OF
_c1989
300 _a144P
942 _cAEDBB
999 _c22101
_d22101